000 00466nam a2200157Ia 4500
008 210716s2008 xx 000 0 und d
020 _a9788184045000
041 _aeng
082 _a005.268 HASJ
100 _aHassell, Jonathan.
245 _aWindows server 2008: the definitive guide.
_bDefinitive guide.
250 _a1
260 _aNew Delhi
_bShroff Publishers and Distributors Pvt Ltd
_c2008
300 _axv,474,15
650 _aMicrosoft Windows(005.269)
999 _c189145
_d189145